000 nam a22 a 4500
999 _c142282
_d142282
003 BLK
005 20230111142614.0
008 180409b bul|||||r ||||||| ||bul||
010 _aKNG00148370000
040 _aBLK
041 _aBUL
_cBUL
080 _aБългарска литература
_b821.163.2
_x-93-1
_z821.163.2-93-1
139 _aПразничен кръговрат
_bП 84
245 1 0 _aПразничен кръговрат
_bСтихове за деца от дет. градини и чавдарчета
_cсъстав. Нора Николчина; състав. Маргарита Дойренска; худож. Лилия Спиридонова.
257 _aBGR
260 _bОтечество
_c1984
_aСофия
300 _a271 с.
_bс цв. ил.
_c22 см
380 _aDX
500 _a48 115 тир.
700 1 _aНиколчина, Нора
_eсъстав.
_9378380
700 1 _aДойренска, Маргарита
_eсъстав.
_963983
700 1 _aСпиридонова, Лилия
_eхудож.
_9327591
852 _aЦб 262009
856 4 _qpdf
_i0.00
_ldisable
856 4 _qpdf
_i0.00
_ldisable
942 _cKNG
_n0
_01
_s1
944 _aCR
_c03.08.2013
_l03.08.2013 - от С1,Р / 03.08.2013
_kЕлиза_Атанасова
944 _aED
_c14.09.2017
_l03.08.2013 - от С1,Р / 03.08.2013
_kВася_Ганчева
999 _d142282